Normal view
MARC view
- PAGE, CLIVE G
Entry Personal Name
001 - CONTROL NUMBER
- control field: 65405
003 - CONTROL NUMBER IDENTIFIER
- control field: NUST
005 - DATE AND TIME OF LATEST TRANSACTION
- control field: 20210628203429.0
008 - FIXED-LENGTH DATA ELEMENTS
- fixed length control field: 210628|| aca||aabn | a|a d
040 ## - CATALOGING SOURCE
- Original cataloging agency: NUST
- Transcribing agency: NUST
100 ## - HEADING--PERSONAL NAME
- Personal name: PAGE, CLIVE G
670 ## - SOURCE DATA FOUND
- Source citation: Work cat.: (NUST): PAGE, CLIVE G, THE PROFESSIONAL PROGRAMMERS GUIDE TO FORTRON 77, 1988
